Najludniejsze miasta w Unii Europejskiej - Statystyki

Ogólne statystyki
  • Ten quiz został rozwiązany 62 razy
  • Średni wynik to 41 z 50
Statystyki odpowiedzi
Państwo Miasto % Poprawnych
Hiszpania Barcelona
100%
Niemcy Berlin
100%
Rumunia Bukareszt
100%
Polska Kraków
100%
Czechy Praga
100%
Włochy Rzym
100%
Polska Warszawa
100%
Holandia Amsterdam
98%
Grecja Ateny
98%
Węgry Budapeszt
98%
Finlandia Helsinki
98%
Polska Łódź
98%
Hiszpania Madryt
98%
Francja Paryż
98%
Austria Wiedeń
98%
Polska Wrocław
98%
Chorwacja Zagrzeb
98%
Włochy Mediolan
96%
Niemcy Monachium
96%
Łotwa Ryga
96%
Bułgaria Sofia
96%
Szwecja Sztokholm
96%
Litwa Wilno
96%
Irlandia Dublin
95%
Dania Kopenhaga
95%
Niemcy Hamburg
93%
Polska Poznań
91%
Francja Marsylia
89%
Włochy Neapol
87%
Niemcy Kolonia
84%
Holandia Rotterdam
84%
Niemcy Frankfurt
80%
Włochy Turyn
78%
Hiszpania Sewilla
76%
Niemcy Dortmund
73%
Holandia Haga
73%
Niemcy Lipsk
69%
Włochy Palermo
69%
Belgia Antwerpia
64%
Niemcy Drezno
64%
Hiszpania Walencja
64%
Niemcy Stuttgart
58%
Niemcy Brema
56%
Szwecja Göteborg
55%
Niemcy Düsseldorf
53%
Hiszpania Malaga
51%
Włochy Genua
49%
Niemcy Essen
42%
Hiszpania Saragossa
38%
Niemcy Hanower
33%
Nie znaleziono quizów pasujących do podanych kryteriów
Rozkład punktacji
Procent ludzi z każdym wynikiem
Percentyl według liczby udzielonych odpowiedzi
Twoja historia wyników
Nie rozwiązałeś tego quizu